| 000 | 00707nem a2200229 i 4500 | ||
|---|---|---|---|
| 001 | bg | ||
| 245 | 0 | 0 |
_aEUROPA - encyklopedia drogowa / _coprac. wydawca. |
| 255 | _aSkala 1:600 000 | ||
| 260 |
_aKatowice : _bWydawnictwo Kartograficzne "Mapy Ścienne" Beata Piętka, _c2007. |
||
| 300 |
_a576 s. : _bmapy kolor. ; _c34 cm. |
||
| 504 | _aIndeks miejscowości. | ||
| 651 | 9 | _aEuropa | |
| 655 | _aMapy samochodowe | ||
| 020 | _a8373453938 | ||
| 040 | _cBPK | ||
| 041 | 0 | _apol | |
| 080 | _a912:656.13](4) | ||
| 920 | _a83-7345-393-8 | ||
| 942 | _cMP | ||
| 008 | s pl f |000 0 pol | ||
| 999 |
_c35248 _d35248 |
||
| 856 |
_uhttp://koha.tu.koszalin.pl/cgi-bin/koha/opac-detail.pl?biblionumber=35248 _yKatalog online BPK |
||